Gryffndor Quidditch Team Year 6 - Statistics

General Stats
  • This quiz has been taken 1,030 times
  • The average score is 4 of 7
Answer Stats
Hint Answer % Correct
Seeker Harry Potter /Ginny Weasley
100%
Keeper Ron Weasley/Cormac McLaggen
98%
Chaser Katie Bell/Dean Thomas
80%
Chaser Ginny Weasley/Dean Thomas
77%
Chaser Demelza Robins
34%
Beater Jimmy Peakes
26%
Beater Ritchie Coote
19%
No matching quizzes found
Score Distribution
Percent of People with Each Score
Percentile by Number Answered
Your Score History
You have not taken this quiz